| 000 | 02077nam a22003494a 4500 | ||
|---|---|---|---|
| 001 | ebr10075387 | ||
| 003 | CaPaEBR | ||
| 006 | m u | ||
| 007 | cr cn||||||||| | ||
| 008 | 030623s2004 njua sb 001 0 eng | ||
| 010 | _z 2003014206 | ||
| 020 | _z0813533929 (hardcover : alk. paper) | ||
| 020 | _z0813533937 (pbk. : alk. paper) | ||
| 040 |
_aCaPaEBR _cCaPaEBR |
||
| 035 | _a(OCoLC)70754878 | ||
| 050 | 1 | 4 |
_aRG101 _b.M83 2004eb |
| 082 | 0 | 4 |
_a618.1/059 _221 |
| 100 | 1 | _aMoore, Michele. | |
| 245 | 1 | 0 |
_aDo you really need surgery? _h[electronic resource] : _ba sensible guide to hysterectomy and other procedures for women / _cMichele C. Moore, Caroline M. de Costa. |
| 260 |
_aNew Brunswick, N.J. : _bRutgers University Press, _cc2004. |
||
| 300 |
_axiv, 171 p. : _bill. |
||
| 504 | _aIncludes bibliographical references (p. [165]-166) and index. | ||
| 505 | 0 | _aYour anatomy: where things are -- Your physiology : how things work -- What goes wrong : some common gynecologic diseases and problems -- What goes wrong : cancers -- Reaching a diagnosis: what to expect -- Non-surgical treatment of gyn problems -- Surgical treatment: "traditional" or open procedures -- Traditional hysterectomy: what to expect -- Traditional surgery: the risks -- After the surgery -- Other gynecologic surgery and treatments -- Laparoscopic surgery -- Risks of laparoscopy -- Laparoscopic surgery: how will you feel? -- Surgical choices -- Other 'Endoscopic' Surgery -- Tips to Help Make a Sensible Decision. | |
| 533 |
_aElectronic reproduction. _bPalo Alto, Calif. : _cebrary, _d2013. _nAvailable via World Wide Web. _nAccess may be limited to ebrary affiliated libraries. |
||
| 650 | 0 |
_aGenerative organs, Female _xSurgery _vPopular works. |
|
| 650 | 0 |
_aGynecology _vPopular works. |
|
| 650 | 0 |
_aWomen _xHealth and hygiene. |
|
| 655 | 7 |
_aElectronic books. _2local |
|
| 700 | 1 |
_aDe Costa, Caroline, _d1947- |
|
| 710 | 2 | _aebrary, Inc. | |
| 856 | 4 | 0 |
_uhttp://site.ebrary.com/lib/rucke/Doc?id=10075387 _zAn electronic book accessible through the World Wide Web; click to view |
| 999 |
_c45622 _d45622 |
||